000 00507nam a2200205Ia 4500
008 240510s9999 xx 000 0 und d
020 _a0000917072561
041 _aEng
082 _a004.2
082 _bY58
100 _aYOURDON, Edward
245 0 _aManaging the structured techniques strategies for software development in the 1990's
250 _a3rd ed.
260 _bNew York : YOURDON
260 _c1986
300 _a279 p.
650 _aData structure
942 _2ddc
942 _cLBK
999 _c26302
_d26302
945 _a1
_bMadushi Gamage
_c1
_dMadushi Gamage